000 00523nam a22001817a 4500
005 20220727150422.0
008 220727b ||||| |||| 00| 0 eng d
040 _cAL
041 _aEnglish
082 _223
_a782.421642
_bFERO
100 _aGeorge Fernandes
_953570
245 _aOtherside:Journal of Socialist thought and action
260 _aNew Delhi
_bPratipaksh prakashan
_c1983
300 _a320 p.
_bHB
_c24x17 cm.
650 _aBound Volumes 4
_953571
700 _aFERNANDES (George)
_953572
942 _2ddc
_cGF
999 _c224229
_d224229